Statystyki dla Państwa słowiańskie

Kliknij tutaj aby rozwiązać quiz!

Ogólne statystyki

  • Ten quiz został rozwiązany 183 razy
  • Średni wynik to 12 z 13

Statystyki odpowiedzi

Państwo% Poprawnych
Polska
99%
Słowacja
99%
Czechy
97%
Rosja
97%
Ukraina
96%
Białoruś
95%
Słowenia
92%
Chorwacja
87%
Serbia
87%
Bośnia i Hercegowina
79%
Bułgaria
79%
Macedonia Północna
76%
Czarnogóra
75%

Rozkład punktacji

Percentyl według liczby udzielonych odpowiedzi

Procent ludzi z każdym wynikiem

Twoja historia wyników

Nie rozwiązałeś tego quizu